| 000 | 00570nam a2200193 a 4500 | ||
|---|---|---|---|
| 005 | 20140412111334.0 | ||
| 008 | 050411s19uu xx 00 eng d | ||
| 020 | _a0-934878-18-8 | ||
| 050 |
_aTR(GS) 649.143 _bA473 1982 |
||
| 100 | _aAmes, Louise Bates | ||
| 245 |
_aHe hit me first : _bwhen brothers and sisters fight / _cLouise Bates Ames. |
||
| 260 |
_aNew York : _bDembner Books, _c1982. |
||
| 300 | _a190 p. | ||
| 500 | _aIncludes Bibliography and index. | ||
| 650 | _aSibling rivalry | ||
| 650 | _aChild psychology | ||
| 650 | _aParenting | ||
| 999 |
_c104996 _d104996 |
||